Sports Quiz

Random Sports or World Quiz

Team Finland WC Ice Hockey Players since 1995 Quiz Stats

 Plays Quiz not verified by Sporcle

Challenge
Share
Tweet
Embed
Score 0/203 Timer 20:00
0 Plays Today
Hint Answer % Correct
ForwardsSaku Koivu
94.4%
ForwardsMikko Koivu
94.1%
ForwardsTeemu Selänne
90.3%
ForwardsKasperi Kapanen
89.5%
ForwardsVille Peltonen
87.7%
ForwardsJussi Jokinen
87.5%
DefencemenMikko Lehtonen
87.5%
GoaliesMiikka Kiprusoff
87.3%
GoaliesPekka Rinne
87.2%
ForwardsMikael Granlund
87.2%
ForwardsOlli Jokinen
86.1%
GoaliesKari Lehtonen
85.9%
GoaliesJarmo Myllys
85.2%
DefencemenMarko Kiprusoff
84.8%
ForwardsJere Lehtinen
84.8%
DefencemenAntti-Jussi Niemi
83.3%
DefencemenPetteri Nummelin
82.3%
ForwardsPatrik Laine
82.2%
DefencemenLasse Kukkonen
81.6%
ForwardsSebastian Aho
81.4%
ForwardsTuomo Ruutu
80%
GoaliesPasi Nurminen
79.5%
ForwardsJarkko Ruutu
79.1%
DefencemenMikko Lehtonen
78.9%
ForwardsSami Kapanen
78.9%
GoaliesMikko Koskinen
78.3%
GoaliesAri Sulander
78.1%
GoaliesJuuse Saros
78.1%
DefencemenTeppo Numminen
78%
ForwardsNiko Kapanen
77.7%
ForwardsRaimo Helminen
76.4%
ForwardsMiro Aaltonen
76.3%
DefencemenSami Salo
75.9%
ForwardsAntti Pihlström
75.6%
ForwardsAleksander Barkov
75.5%
ForwardsJuha Lind
75.5%
DefencemenJanne Niinimaa
74.4%
DefencemenKimmo Timonen
74.2%
ForwardsKai Nurminen
74.1%
ForwardsLeo Komarov
73.8%
ForwardsMika Nieminen
73.4%
DefencemenTimo Jutila
73.3%
GoaliesJukka Tammi
73.1%
ForwardsJarkko Immonen
73.1%
GoaliesNiklas Bäckstöm
73%
ForwardsJesse Puljujärvi
71.9%
ForwardsMika Pyörälä
71.7%
DefencemenAnssi Salmela
71.4%
ForwardsTeuvo Teräväinen
71.1%
GoaliesJoonas Korpisalo
69.6%
GoaliesPetri Vehanen
68.9%
ForwardsAntti Aalto
68.1%
DefencemenHannu Virta
67.3%
ForwardsJuhamatti Aaltonen
67.2%
ForwardsJori Lehterä
66.7%
ForwardsTero Lehterä
66.6%
DefencemenJuuso Hietanen
66.3%
DefencemenAki Berg
65.9%
DefencemenEsa Lindell
65.8%
ForwardsJanne Ojanen
65.8%
ForwardsTomi Kallio
65.5%
ForwardsJani Lajunen
65.5%
ForwardsTony Virta
64.4%
GoaliesHarri Säteri
64.3%
DefencemenJere Karalahti
64.2%
DefencemenSami Lepistö
64.1%
GoaliesAntti Raanta
63.8%
DefencemenJulius Honka
63.4%
Hint Answer % Correct
GoaliesVille Husso
63.2%
DefencemenTopi Jaakola
62.5%
ForwardsMikko Rantanen
62.3%
DefencemenVille Lajunen
61.9%
DefencemenSami Vatanen
61.4%
GoaliesFredrik Norrena
61.3%
ForwardsPetri Kontiola
60.8%
GoaliesAntero Niittymäki
60.6%
DefencemenMiika Koivisto
60.5%
DefencemenJyrki Lumme
60.5%
ForwardsValtteri Filppula
60.5%
ForwardsNiklas Hagman
60.3%
GoaliesVesa Toskala
60%
DefencemenAtte Ohtamaa
59.8%
ForwardsEsa Tikkanen
59.7%
GoaliesJani Hurme
59.5%
DefencemenOssi Väänänen
59.5%
ForwardsTeemu Pulkkinen
59.4%
ForwardsJuha Ylönen
59.4%
ForwardsJukka Hentunen
59.1%
ForwardsMarko Palo
58.9%
ForwardsJanne Pesonen
58.8%
DefencemenVille Pokka
58.4%
ForwardsRaimo Summanen
58.3%
ForwardsJoonas Donskoi
58.1%
ForwardsLauri Korpikoski
57.2%
ForwardsTimo Pärssinen
56.3%
GoaliesJoni Ortio
55.8%
DefencemenToni Lydman
55.6%
GoaliesTeemu Lassila
55.3%
ForwardsTomi Sallinen
55.3%
DefencemenMiro Heiskanen
55.3%
ForwardsAntti Suomela
55.3%
GoaliesJussi Markkanen
55.2%
GoaliesKarri Rämö
54.8%
ForwardsChristian Ruuttu
54.8%
ForwardsAntti Miettinen
54.4%
ForwardsJesse Joensuu
54.2%
ForwardsJere Sallinen
54.1%
GoaliesNiko Hovinen
53.4%
ForwardsErik Haula
52.7%
DefencemenMarkus Nutivaara
52.6%
ForwardsEeli Tolvanen
52.6%
ForwardsPetteri Nokelainen
52%
ForwardsAntti Törmänen
51.6%
DefencemenPekka Saravo
51.3%
ForwardsJarno Koskiranta
51.3%
GoaliesMika Noronen
50.9%
ForwardsJoonas Kemppainen
50.9%
ForwardsKimmo Rintanen
50.9%
DefencemenMika Strömberg
50.5%
DefencemenErik Hämäläinen
50.3%
DefencemenTuukka Mäntylä
49.4%
DefencemenJanne Niskala
48.9%
DefencemenTeemu Laakso
48.9%
DefencemenTommi Kivistö
48.8%
GoaliesMarkus Ketterer
48.1%
ForwardsJanne Lahti
47.8%
ForwardsEsa Keskinen
47.3%
ForwardsMiika Lahti
47.3%
ForwardsAntti Laaksonen
46.6%
ForwardsSakari Salminen
46.6%
ForwardsOlli Palola
46.4%
ForwardsOskar Osala
46.1%
ForwardsTommi Santala
45.9%
DefencemenJyrki Jokipakka
45.3%
ForwardsJuha-Pekka Hytönen
45.2%
ForwardsMarkus Hännikäinen
45.1%
Hint Answer % Correct
ForwardsMarko Tuomainen
44.8%
GoaliesEero Kilpeläinen
44.7%
DefencemenSami Helenius
44.7%
ForwardsSean Bergenheim
44.7%
DefencemenVille Koistinen
44.1%
ForwardsRiku Hahl
44.1%
DefencemenIlari Melart
43.6%
ForwardsIiro Pakarinen
43.4%
ForwardsHannes Hyvönen
43.1%
GoaliesIiro Tarkki
42.5%
ForwardsPetri Varis
42.5%
DefencemenJuuso Riikola
42.1%
ForwardsSaku Mäenalanen
42.1%
GoaliesSinuhe Wallinheimo
41.7%
DefencemenJyrki Välivaara
41.6%
ForwardsMika Alatalo
41.6%
ForwardsTuomas Pihlman
41.6%
ForwardsVille Vahalahti
41.3%
GoaliesAtte Engren
40.8%
ForwardsMikko Eloranta
40.8%
ForwardsMiikka Salomäki
40.8%
ForwardsVeli-Matti Savinainen
40.8%
DefencemenPasi Puistola
40.6%
ForwardsVesa Viitakoski
40.5%
ForwardsJari Viuhkola
40.5%
DefencemenJoonas Järvinen
39.7%
DefencemenNiko Mikkola
39.5%
ForwardsEsa Pirnes
39.2%
ForwardsTeemu Hartikainen
39.1%
ForwardsPetteri Wirtanen
38.6%
DefencemenJanne Laukkanen
38.3%
DefencemenTom Koivisto
38%
ForwardsJani Rita
38%
ForwardsLasse Pirjetä
37.5%
DefencemenMikko Jokela
37.3%
ForwardsPekka Jormakka
37.3%
DefencemenMikko Mäenpää
36.9%
ForwardsSakari Manninen
36.8%
ForwardsKalle Kerman
36.4%
DefencemenToni Söderholm
35.8%
ForwardsMarko Jantunen
35.6%
GoaliesJuuso Riksman
35%
DefencemenMikko Luoma
35%
ForwardsMarko Anttila
34.4%
DefencemenMarko Tuulola
33.9%
ForwardsOssi Louhivaara
33.8%
ForwardsPetri Pakaslahti
31.7%
ForwardsJarkko Varvio
31.3%
ForwardsToni Sihvonen
30.6%
ForwardsVille Viitaluoma
30.2%
DefencemenKaj Linna
30%
DefencemenOlli Malmivaara
29.7%
DefencemenKari Martikainen
29.2%
ForwardsTuomas Kiiskinen
29.2%
ForwardsJoni Lius
29.2%
DefencemenJanne Grönvall
29.1%
DefencemenOskari Korpikari
28.9%
ForwardsJani Tuppurainen
28.8%
DefencemenJukka-Pekka Laamanen
28.6%
ForwardsJuha Ikonen
28.6%
DefencemenJanne Jalasvaara
28.4%
ForwardsJuha-Pekka Haataja
28.4%
DefencemenJyri Marttinen
27.2%
ForwardsJuha Riihijärvi
27.2%
ForwardsTommi Huhtala
25.5%
ForwardsTomek Valtonen
24.4%
ForwardsToni Mäkiaho
22%

You're not logged in!

Compare scores with friends on all Sporcle quizzes.
OR
Log In

You Might Also Like...

Show Comments

Extras

Top Quizzes Today


Score Distribution

Your Account Isn't Verified!

In order to create a playlist on Sporcle, you need to verify the email address you used during registration. Go to your Sporcle Settings to finish the process.

Report this User

Report this user for behavior that violates our Community Guidelines.

Details: